| 000 | 00972nam a22000977a 4500 | ||
|---|---|---|---|
| 040 | _cRUA | ||
| 082 | _aFRA OCT 2000 C227 Or. | ||
| 245 |
_aPAFAARC 2: PROGRAMME D'APPUI A LA FORMATION AGRICOLE ET AGRONOMIQUE AU ROYAUME DU CAMBODGE, កម្មវិធីជំនួយគាំទ្រដល់ការបណ្តុះបណ្តាលកសិកម្ម និងក្សេត្រសាស្រ្ត នៅព្រះរាជាណាចក្រកម្ពុជា _bMisson d'appui en analyse des metiers agricole au Cambodge pour une meilleure adequation emploi/formation: បេសកកម្មជំនួយគាំទ្រដល់ការវិភាគមុខរបរកសិកម្មនៅកម្ពុជាដើម្បីសម្របសម្រួលមុខរបរ និង ការបណ្តុះបណ្តាលឱ្យកាន់តែប្រសើរ |
||
| 260 |
_aphnom penh _brua _c2000 |
||
| 942 | _cREC | ||
| 999 |
_c21332 _d21332 |
||